000 012950am a22003130004500
003 EG-GiCUC
008 061105s2002 su ab g f00 0 ara d
017 _a1422 / 1799
_bالسعودية.مكتبة الملك فهد الوطنية
020 _a9960001644
040 _aEG-GiCUC
_bara
_cEG-GiCUC
043 _aar-----
050 4 _aDS 231
_bS25 2001
092 0 4 _a953.01
_bS1597
_221
099 _a04
_a953.01 S1597
100 1 _aسلامة : عواطف اديب على
245 1 0 _aاهل مدين :
_bدراسة للخصائص والعلاقات : 1350-1100 ق.م. /
_cعواطف بنت اديب بن على سلامة
260 _aالرياض :
_bمكتبة الملك فهد الوطنية :
_c2001
300 _a733ص :
_bايض : خرائط ؛
_c24سم
440 2 _aالسلسلة الرابعة : خارج السلاسل
504 _aيشتمل على ارجاعات ببليوجرافية (ص 623-639)
651 4 _aمدين
651 7 _aشبه الجزيرة العربية
_xاثار
_2qrmak
651 7 _aشبه الجزيرة العربية
_xتاريخ
_2qrmak
651 7 _aشبه الجزيرة العربية
_yالعصر البرونزى
_2qrmak
902 _a1
905 _aبلتاجى
_eمراجع
905 _aجمال
_eمدخل
942 _2ddc
_cBK
999 _c88496
_d88496